- Orientación vocacional
Entry Materia
Number of records used in: 533
001 - NÚMERO DE CONTROL DEL REGISTRO
- campo de control: 5
003 - IDENTIFICADOR DE NUMERO DE CONTROL
- campo de control: MX-MxUPN
005 - FECHA Y HORA DE LA ÚLTIMA TRANSACCIÓN
- campo de control: 20230314172227.0
008 - DATOS DE LONGITUD FIJA
- campo de control de longitud fija: 220603nn acnnnbabn a ana |d
035 ## - NÚMERO DE CONTROL DEL SISTEMA
- Número de control del sistema: UPN10000000005
040 ## - FUENTE DE LA CATALOGACIÓN
- Centro catalogador de origen: MX-MxUPN
- Lengua de catalogación: spa
- Agencia de transcripción: MX-MxUPN
046 ## - FECHAS CON CODIFICACIÓN ESPECIAL
- Fecha final para contenidos agregados: 2022
053 #4 - NÚMERO CLASIFICADOR - BIBLIOTECA DEL CONGRESO (LC)
- Elemento numérico de la clasificación - Número único o no. inicial del rango: LC1043
150 ## - ENCABEZAMIENTO - TEMÁTICO
- Término de materia o nombre geográfico como elemento inicial: Orientación vocacional
450 ## - VÉASE - MATERIA
- Encabezamiento temático: Orientación profesional
450 ## - VÉASE - MATERIA
- Encabezamiento temático: Orientación profesional y vocacional
450 ## - VÉASE - MATERIA
- Encabezamiento temático: Elección de la profesión
450 ## - VÉASE - MATERIA
- Encabezamiento temático: Empleos
- Subdivisión temática general: Elección
450 ## - VÉASE - MATERIA
- Encabezamiento temático: Profesión
- Subdivisión temática general: Elección
450 ## - VÉASE - MATERIA
- Encabezamiento temático: Guías vocacionales
450 ## - VÉASE - MATERIA
- Encabezamiento temático: Elección de profesión
450 ## - VÉASE - MATERIA
- Encabezamiento temático: Elección de carrera
550 ## - VÉASE ADEMÁS - MATERIA
- Encabezamiento temático o nombre geográfico como elemento de entrada: Empleos
550 ## - VÉASE ADEMÁS - MATERIA
- Encabezamiento temático o nombre geográfico como elemento de entrada: Profesiones
550 ## - VÉASE ADEMÁS - MATERIA
- Encabezamiento temático o nombre geográfico como elemento de entrada: Orientación educativa
670 ## - FUENTE EN LA QUE SE LOCALIZARON DATOS
- Cita de la fuente: Biblioteca del Congreso (Estados Unidos), 25 noviembre 2022:
- Información localizada: (Vocational guidance)
670 ## - FUENTE EN LA QUE SE LOCALIZARON DATOS
- Cita de la fuente: Lista de Encabezamientos de Materia, Escamilla, 1978:
- Información localizada: página 625 (Orientación vocacional)
670 ## - FUENTE EN LA QUE SE LOCALIZARON DATOS
- Cita de la fuente: Biblioteca Nacional de México, Catálogo de autoridades, 25 noviembre 2022:
- Información localizada: (Orientación vocacional)
902 ## - CATALOGADOR
- Catalogador: MMA/140596
